[Event "XIV Miedzynarodowe Mistrzostwa Gdanska "]
[Site "Centrum Edukacji Nauczycieli "]
[Date "2012.??.??"]
[Round "9.46"]
[White "Aftanasiuk, Jakub"]
[Black "Przybylowicz, Kazimierz"]
[Result "1-0"]
[WhiteElo "1548"]
[BlackElo "1724"]
[PlyCount "41"]
[EventDate "2012.??.??"]

1. e4 c5 2. Nf3 e6 3. d4 cxd4 4. Nxd4 Nc6 5. Nxc6 bxc6 6. Bd3 Nf6 7. O-O Qc7 8.
Nc3 d5 9. exd5 exd5 10. Bg5 Be7 11. Re1 O-O 12. Bxf6 Bxf6 13. Rb1 Be6 14. Ne2
Rab8 15. c3 g6 16. Ng3 h5 17. Bxg6 Bg4 18. f3 Bxf3 19. Bh7+ Kxh7 20. Qxf3 Rh8
21. Qxf6 1-0